<?xml version="1.0" encoding="UTF-8"?>
<record
    xmlns:xsi="http://www.w3.org/2001/XMLSchema-instance"
    xsi:schemaLocation="http://www.loc.gov/MARC21/slim http://www.loc.gov/standards/marcxml/schema/MARC21slim.xsd"
    xmlns="http://www.loc.gov/MARC21/slim">

  <leader>03108nam a2200325Ka 4500</leader>
  <controlfield tag="001">000007707</controlfield>
  <controlfield tag="003">DO-SdBNP</controlfield>
  <controlfield tag="005">20260305073956.0</controlfield>
  <controlfield tag="008">090907s2002    dr c          001 0 spa d</controlfield>
  <datafield tag="020" ind1=" " ind2=" ">
    <subfield code="a">9993461261</subfield>
  </datafield>
  <datafield tag="040" ind1=" " ind2=" ">
    <subfield code="a">DO-SdBNP</subfield>
    <subfield code="b">spa</subfield>
    <subfield code="c">BNPHU</subfield>
  </datafield>
  <datafield tag="082" ind1=" " ind2=" ">
    <subfield code="a">324.97293</subfield>
    <subfield code="b">C389c</subfield>
  </datafield>
  <datafield tag="100" ind1="1" ind2=" ">
    <subfield code="a">Cedano, Mario J.,</subfield>
    <subfield code="d">1959 -</subfield>
    <subfield code="9">21378</subfield>
  </datafield>
  <datafield tag="245" ind1="1" ind2="0">
    <subfield code="a">C&#xF3;mo defender al gobierno de Hip&#xF3;lito Mej&#xED;a /</subfield>
    <subfield code="c">Mario J. Cedano, J. Est&#xE9;vez Aristy.</subfield>
  </datafield>
  <datafield tag="260" ind1=" " ind2=" ">
    <subfield code="a">Santo Domingo :</subfield>
    <subfield code="b">B&#xFA;ho,</subfield>
    <subfield code="c">2002.</subfield>
  </datafield>
  <datafield tag="300" ind1=" " ind2=" ">
    <subfield code="a">301 p. :</subfield>
    <subfield code="b">retrs. ;</subfield>
    <subfield code="c">24 cm.</subfield>
  </datafield>
  <datafield tag="490" ind1="1" ind2=" ">
    <subfield code="a">Jos&#xE9; Francisco Pe&#xF1;a G&#xF3;mez ;</subfield>
    <subfield code="v">2</subfield>
  </datafield>
  <datafield tag="500" ind1=" " ind2=" ">
    <subfield code="a">Incluye &#xED;ndice on&#xF3;mastico</subfield>
  </datafield>
  <datafield tag="505" ind1="2" ind2=" ">
    <subfield code="a">Pre&#xE1;mbulo -- Carta-Pr&#xF3;logo del Presidente Hip&#xF3;lito Mej&#xED;a -- C&#xF3;mo responder p&#xE1;rrafo por parr&#xE1;fo el discurso cr&#xED;tico de Leonel Fern&#xE1;ndez sin reino en contra del gobierno de Hip&#xF3;lito Mej&#xED;a -- C&#xF3;mo responder a las nuevas cr&#xED;ticas electorales de Leonel Fern&#xE1;ndez sin reino en contra del gobierno del PRD -- Qu&#xE9; decir frente a los cr&#xED;ticos del &#xE1;rea educativa del gobierno blanco -- Cu&#xE1;les argumentos usar frente a los que critican al gobierno en materia agr&#xED;cola -- 50,000 razones fundamentales para desmentir a los que se&#xF1;alan que este gobierno no hace nada por los pobres -- Argumentos imbatibles frente a los que magnifican el fen&#xF3;meno delicuencial en la Rep&#xFA;blica Dominicana -- Defensa del gobierno de Hip&#xF3;lito Mej&#xED;a frente a los que magnifican lo que algunos llaman el endeudamiento externo del pa&#xED;s -- Defensa a la lucha anticorrupci&#xF3;n del Partido Revolucionario Dominicano -- Razonamientos fundamentales sobre la pol&#xED;tica de obras realizadas por el nuevo gobierno -- Ejecuciones del PRD en las restantes provincias que conforman la zona fronteriza de la geograf&#xED;a nacional -- Ejecuciones del PRD en las restantes provincias que conforman el Cibao central de la geograf&#xED;a nacional -- Ejecuciones del PRD en las restantes provincias que conforman la regi&#xF3;n nordeste de la geograf&#xED;a nacional -- Ejecuciones del PRD en las restantes provincias que conforman la regi&#xF3;n este de la geograf&#xED;a nacional -- La mejor defensa contra los que ven catastr&#xF3;fica la pol&#xED;tica de agua potable de las actuales autoridades -- Defensa al gobierno de Hip&#xF3;lito Mej&#xED;a en materia de salud -- Defensa a los logros de las autoridades monetarias del gobierno del PRD -- Manual de defensa deportiva para el gobierno dominicano presidido por el ingeniero agr&#xF3;nomo Hip&#xF3;lito Mej&#xED;a -- Defienda la pol&#xED;tica de viviendas del nuevo gobierno del PRD, empezando por la frase: Hip&#xF3;lito techa al pa&#xED;s -- La mejor defensa a la CDE -- C&#xF3;mo responder a las cr&#xED;ticas del &#xE1;rea cultural</subfield>
  </datafield>
  <datafield tag="590" ind1=" " ind2=" ">
    <subfield code="a">Inventariado, 2018/BT</subfield>
  </datafield>
  <datafield tag="600" ind1="1" ind2="4">
    <subfield code="a">Mej&#xED;a, Hip&#xF3;lito ,</subfield>
    <subfield code="d">1941-</subfield>
    <subfield code="9">21379</subfield>
  </datafield>
  <datafield tag="600" ind1="1" ind2="0">
    <subfield code="a">Fern&#xE1;ndez, Leonel,</subfield>
    <subfield code="d">1953-</subfield>
    <subfield code="9">7291</subfield>
  </datafield>
  <datafield tag="650" ind1=" " ind2="0">
    <subfield code="a">Administraci&#xF3;n p&#xFA;blica</subfield>
    <subfield code="9">9266</subfield>
  </datafield>
  <datafield tag="650" ind1=" " ind2="4">
    <subfield code="a">T&#xE1;cticas pol&#xED;ticas</subfield>
    <subfield code="z">Rep&#xFA;blica Dominicana</subfield>
    <subfield code="9">3009</subfield>
  </datafield>
  <datafield tag="651" ind1=" " ind2="0">
    <subfield code="a">Rep&#xFA;blica Dominicana</subfield>
    <subfield code="x">Pol&#xED;tica y gobierno</subfield>
    <subfield code="9">45</subfield>
  </datafield>
  <datafield tag="700" ind1="1" ind2=" ">
    <subfield code="a">Est&#xE9;vez Aristy, J.</subfield>
    <subfield code="9">21380</subfield>
  </datafield>
  <datafield tag="830" ind1=" " ind2="0">
    <subfield code="a">Jos&#xE9; Francisco Pe&#xF1;a G&#xF3;mez ;</subfield>
    <subfield code="n">2</subfield>
    <subfield code="9">21381</subfield>
  </datafield>
  <datafield tag="910" ind1=" " ind2=" ">
    <subfield code="a">Validado. Control de calidad. MMOLINA</subfield>
  </datafield>
  <datafield tag="942" ind1=" " ind2=" ">
    <subfield code="2">ddc</subfield>
    <subfield code="c">LBS1</subfield>
  </datafield>
  <datafield tag="952" ind1=" " ind2=" ">
    <subfield code="0">0</subfield>
    <subfield code="1">0</subfield>
    <subfield code="7">1</subfield>
    <subfield code="8">PD</subfield>
    <subfield code="a">PD</subfield>
    <subfield code="b">PD</subfield>
    <subfield code="c">HD</subfield>
    <subfield code="d">2010-03-25</subfield>
    <subfield code="i">LF1</subfield>
    <subfield code="l">0</subfield>
    <subfield code="o">324.97293 C389c</subfield>
    <subfield code="p">7707-10</subfield>
    <subfield code="r">2020-06-25</subfield>
    <subfield code="w">2020-06-25</subfield>
    <subfield code="y">LFPD</subfield>
    <subfield code="Z">No se presta</subfield>
  </datafield>
  <datafield tag="999" ind1=" " ind2=" ">
    <subfield code="c">7486</subfield>
    <subfield code="d">7486</subfield>
  </datafield>
</record>
